Statistics for Finish the Lyrics - Carry on Wayward Son

Click here to take the quiz!

General Stats

  • This quiz has been taken 19 times
  • The average score is 31 of 36

Answer Stats

HintAnswer% Correct
Don't you ___ no morecry
100%
Don't you ___, don't you ___ no morecry
100%
Don't you ___ no more, no!cry
100%
Don't you ___ no morecry
100%
Lay your weary head to ____rest
100%
Lay your weary head to ____rest
100%
Lay your weary head to ____rest
100%
Lay your weary head to ____rest
100%
Carry on, my wayward ___son
100%
Carry on, my wayward ___son
100%
Carry on, my wayward ___son
100%
Carry on, my wayward ___son
100%
I can ____ them sayhear
94%
I was soaring ever higher but I flew too ____high
94%
Once I rose above the noise and _________confusion
89%
It surely means that I don't ____know
89%
No ____more
89%
Tossed about I'm like a ship on the _____ocean
89%
There'll be _____ when you are donepeace
89%
There'll be _____ when you are donepeace
89%
There'll be _____ when you are donepeace
89%
There'll be _____ when you are donepeace
89%
My charade is the event of the ______season
89%
Though my eyes could see, I still was a _____ manblind
83%
Masquerading as a man with a ______reason
83%
And if I claim to be a ____ man, wellwise
83%
Just to get a glimpse beyond this ________illusion
78%
But I hear the ______ sayvoices
78%
I hear the voices when I'm ________dreaming
72%
Though my mind could think, I still was a ___ manmad
72%
Carry on, you will always ________remember
72%
Now your life's no longer _____empty
61%
I set a course for winds of _______fortune
61%
On a stormy sea of moving _______emotion
56%
But surely ______ waits for youheaven
50%
Carry on, nothing equals the ________splendor
39%

Score Distribution

Percentile by Number Answered

Percent of People with Each Score

Your Score History

You have not taken this quiz